| 000 | 00859cam a22002895a 4500 | ||
|---|---|---|---|
| 001 | 13858092 | ||
| 005 | 20170110102829.0 | ||
| 008 | 050201t2006 nyua frb 001 0 eng d | ||
| 020 | _a0072988584 | ||
| 020 | _a9780072988581 | ||
| 040 |
_aDLC _cDLC _dDLC _dEG-ScBUE _beng |
||
| 043 | _an-us--- | ||
| 082 | 0 | 4 |
_222 _a364 _bREI |
| 100 | 1 | _aReid, Sue Titus. | |
| 245 | 1 | 0 |
_aCrime & criminology / _cSue Titus Reid. |
| 246 | 3 | _aCrime and criminology | |
| 250 | _a11th ed. | ||
| 260 |
_aNew York : _bMcGraw-Hill, _cc.2006. |
||
| 300 |
_axxv, 637 p. : _bill. ; _c29 cm. |
||
| 504 | _aIncludes bibliographical references and indexes. | ||
| 650 | 0 |
_aCriminology. _2BUEsh |
|
| 650 | 0 |
_aCrime _zUnited States. _2BUEsh |
|
| 650 | 0 |
_aCriminal justice, Administration of _zUnited States. _2BUEsh |
|
| 651 | _2BUEsh | ||
| 653 |
_bLLAAWW _cJanuary2017 |
||
| 942 | _2ddc | ||
| 999 |
_c23872 _d23844 |
||